| 000 | 004680000a22001810004500 | ||
|---|---|---|---|
| 003 | MACL | ||
| 005 | 20151220151542.0 | ||
| 008 | 151220b xxu||||| |||| 00| 0 eng d | ||
| 040 |
_aMACL _cMACL |
||
| 041 | _aEnglish | ||
| 082 | _a720.095/VOL | ||
| 100 |
_aVolwahsen, Andreas _921645 |
||
| 245 | _aCosmic Architecture in India | ||
| 260 |
_bMapin Publishing Pvt Ltd _c2001 _aLondon |
||
| 350 | _a2500 | ||
| 650 |
_aArchitecture _9259 |
||
| 942 |
_cBK _k720.0954/VOL _2ddc |
||
| 999 |
_c40191 _d40191 |
||